000 01027cam a22003131i 4500
001 64019562 /AC/r952
003 DLC
005 20260304145939.0
008 780615s1964 nyua j 000 1 eng
010 _a 64019562 /AC/r952
035 _a()3974
040 _aDLC
_cMB
_dDLC
_erda
050 0 0 _aPZ7.D4417
_bMay
082 0 0 _a[E]
_219
092 _achildren Caldecott
_bDe Regniers
100 1 _aDe Regniers, Beatrice Schenk.
_97628
245 1 0 _aMay I bring a friend?
_cIllustrated by Beni Montresor.
250 _a[1st ed.].
260 _aNew York,
_bAtheneum,
_c1964.
264 _aNew York,
_bAtheneum,
_c1964.
300 _a[46] p.
_billus. (part col.)
_c25 cm.
520 _aA well-mannered little boy has permission to bring his animal friends to visit the king and queen.
586 _aCaldecott Winner, 1965
650 1 _aAnimals
_xFiction.
_95707307
650 0 _aCaldecott Award
_96441078
650 1 _aStories in rhyme.
_9100128
700 1 _aMontresor, Beni,
_eillus.
_91457
942 _cBOOK
_2ddc
999 _c254196
_d254196